| 000 | 01136cam a2200253 i 4500 | ||
|---|---|---|---|
| 003 | SA-RiAUC | ||
| 005 | 20241029081133.0 | ||
| 008 | 241023s1980 iq g 000 0 ara c | ||
| 040 |
_aSA-JeALM _bara _cSA-RiAUC _erda |
||
| 082 | 0 | 4 |
_a216. 11 _bوفا |
| 082 | 0 | 4 | _a251 |
| 090 |
_a251 _bأ ب و و |
||
| 100 | 1 |
_aأبو الوفاء البغدادي، علي بن عقيل بن محمد، _d431-513 هجري _eمؤلف. |
|
| 245 | 1 | 0 |
_a كتاب الجدل : صناعة الجدل على طريقة الفقهاء / _c تأليف علي بن عقيل بن محمد أبو الوفا البغدادي ؛ قدم له وحققه علي بن عبد العزيز علي العميريني. |
| 264 | 1 |
_aالرياض : _bمكتبة التوبة، _c1997 |
|
| 300 | _a2 مجلد | ||
| 336 |
_aنص _btxt _2rdacontent _3كتاب |
||
| 337 |
_aبدون وسيط _bn _2rdamedia |
||
| 338 |
_aمجلد _bnc _2rdacarrier |
||
| 650 | 7 |
_aالاختلاف (فقه إسلامي) _2aucsh |
|
| 700 |
_aالعميريني, علي بن عبد العزيز علي . _eتحقيق |
||
| 942 |
_2ddc _cBOOK _n0 |
||
| 949 |
_aSA-JeALM _d241023 _umohamedma123 _n1 |
||
| 999 |
_c1861 _d1861 |
||